Quiz Drapeaux en 15 secondes n°3 - Statistiques

Statistiques générales
  • Ce quiz a été pris 138 fois
  • Le résultat moyen est 5 sur 5
Statistiques - réponses
Question Réponse % Correct
Portugal 🇵🇹
99%
Grèce 🇬🇷
97%
Lettonie 🇱🇻
96%
Tunisie 🇹🇳
93%
Bahreïn 🇧🇭
89%
Aucun quiz correspondant
Distribution des résultats
% des personnes avec chaque résultat
Percentile par nombre de réponses
Votre historique - résultats
Vous n’avez pas pris ce quiz